General Knowledge Pictures - Beginning 'R' - Statistics

General Stats
  • This quiz has been taken 176 times
  • The average score is 23 of 28
Answer Stats
Picture Answer % Correct
Radio
98%
Rice
98%
Rose
98%
Rugby
98%
Raspberry
96%
Railway
95%
Remote
94%
Ruler
94%
Rock
93%
Rome
93%
Russia
92%
Robot
89%
Reindeer
87%
Ram
86%
Ronald Reagan
86%
Recipe
83%
Rain
82%
Rio
82%
Roof
82%
Rhubarb
80%
Mt. Rushmore
79%
Reel
72%
Robin
72%
Rwanda
65%
Rally
54%
Rickshaw
53%
Riyadh
37%
Romania
36%
No matching quizzes found
Score Distribution
Percent of People with Each Score
Percentile by Number Answered
Your Score History
You have not taken this quiz